Normal view MARC view
  • TIRUPATHI,D.ASHOK

Entry Personal Name

Number of records used in: 1

001 - CONTROL NUMBER

  • control field: 90792

003 - CONTROL NUMBER IDENTIFIER

  • control field: NUST

005 - DATE AND TIME OF LATEST TRANSACTION

  • control field: 20220401110624.0

008 - FIXED-LENGTH DATA ELEMENTS

  • fixed length control field: 220401|| aca||aabn | a|a d

040 ## - CATALOGING SOURCE

  • Original cataloging agency: NUST
  • Transcribing agency: NUST

100 ## - HEADING--PERSONAL NAME

  • Personal name: TIRUPATHI,D.ASHOK

670 ## - SOURCE DATA FOUND

  • Source citation: Work cat.: (NUST): TIRUPATHI,D.ASHOK., OPTIMIZATION CONCEPTS AND APPLICATIONS /, 2014.
© 2023 Central Library, National University of Sciences and Technology. All Rights Reserved.